Quality of work life among women employees in various governments and private sector in Tamil Nadu (Record no. 18851)
[ view plain ]
| 000 -LEADER | |
|---|---|
| fixed length control field | 00582nam a2200169Ia 4500 |
| 082 ## - DEWEY DECIMAL CLASSIFICATION NUMBER | |
| Classification number | RR 0249 |
| 100 ## - MAIN ENTRY--AUTHOR NAME | |
| Personal name | Rani, S.Sakthivel |
| 245 #0 - TITLE STATEMENT | |
| Title | Quality of work life among women employees in various governments and private sector in Tamil Nadu |
| 260 ## - PUBLICATION, DISTRIBUTION, ETC. (IMPRINT) | |
| Name of publisher | Indian Council of Social Science Research, New Delhi |
| 300 ## - PHYSICAL DESCRIPTION | |
| Number of Pages | 96 |
| 500 ## - GENERAL NOTE | |
| General note | includes questionnaire |
| 650 ## - SUBJECT ADDED ENTRY--TOPICAL TERM | |
| Topical Term | Quality of work life |
| Geographic subdivision | Tamil Nadu |
| 650 ## - SUBJECT ADDED ENTRY--TOPICAL TERM | |
| Topical Term | Women employees |
| Geographic subdivision | India |
| -- | Tamil Nadu |
| 650 ## - SUBJECT ADDED ENTRY--TOPICAL TERM | |
| Topical Term | Women employees |
| Form subdivision | Job stress |
| Geographic subdivision | India |
| -- | Tamil Nadu |
| 650 ## - SUBJECT ADDED ENTRY--TOPICAL TERM | |
| Topical Term | KMO and Bartlett's Test |
| 942 ## - ADDED ENTRY ELEMENTS (KOHA) | |
| Koha item type | Research Reports |
| Source of classification or shelving scheme | Dewey Decimal Classification |
| Withdrawn status | Lost status | Damaged status | Not for loan | Home library | Current library | Date acquired | Source of acquisition | Bill Date | Full call number | Accession Number | Price effective from | Koha item type |
|---|---|---|---|---|---|---|---|---|---|---|---|---|
| NASSDOC Library | NASSDOC Library | 10/07/2012 | Gifted by : RP Division, ICSSR | 2012-06-28 | RR 0249 | 47726 | 18/04/2019 | Research Reports |
